[Event "SVK-ch U16"]
[Site "Tatralandia"]
[Date "2024.04.11"]
[Round "8"]
[White "Geletka, Tomas"]
[Black "Barta, Dominik"]
[Result "0-1"]
[WhiteElo "1233"]
[BlackElo "1577"]
[PlyCount "65"]
[EventDate "2024.04.05"]
[EventType "swiss"]
[EventRounds "9"]
[EventCountry "SVK"]
[SourceTitle "CB16_2024"]
[SourceDate "2024.04.17"]
[SourceVersion "1"]
[SourceVersionDate "2024.04.17"]
[SourceQuality "1"]

1. e4 c5 2. Nc3 Nc6 3. f4 g6 4. a3 Bg7 5. b4 cxb4 6. axb4 Qb6 7. Nf3 e6 8. e5 Nge7 9. Bb5 Nd4 10. Nxd4 Qxd4 11. Qf3 0-0 12. Qe4 Qb6 13. d3 d5 14. Be3 Qc7 15. Qd4 b6 16. Bd2 Nf5 17. Qf2 d4 18. Nd1 Bb7 19. Ba4 f6 20. exf6 Bxf6 21. 0-0 Nh4 22. Qe2 e5 23. g3 Nf5 24. fxe5 Bxe5 25. Bf4 Bxf4 26. Qe6+ Kh8 27. Rxf4 b5 28. Bxb5 Qxc2 29. Rf2 Qc7 30. g4 Nh4 31. Qd7 Qe5 32. Nb2 Rxf2 33. Kxf2 0-1